Sports Quiz

Random Sports or Football Quiz

BCS Standings History Quiz Stats

 Plays Quiz Updated Jan 29, 2015

Score 0/240 Timer 08:00
19 Plays Today
Year Team % Correct
1998Florida Gators
98.6%
1999Florida Gators
98.6%
2000Florida Gators
98.6%
2001Florida Gators
98.6%
2003Florida Gators
98.6%
2006Florida Gators
98.6%
2007Florida Gators
98.6%
2008Florida Gators
98.6%
2011Alabama Crimson Tide
98.2%
2012Alabama Crimson Tide
98.2%
2012Florida Gators
98.1%
2013Alabama Crimson Tide
97.9%
1999Texas Longhorns
97.9%
2000Texas Longhorns
97.9%
2001Texas Longhorns
97.9%
2002Texas Longhorns
97.9%
2003Texas Longhorns
97.9%
2004Texas Longhorns
97.9%
2005Texas Longhorns
97.9%
2008Texas Longhorns
97.9%
2005USC Trojans
97%
2007USC Trojans
97%
2002USC Trojans
97%
2003USC Trojans
97%
2004USC Trojans
97%
2006USC Trojans
97%
2008USC Trojans
97%
2013Florida State Seminoles
96.6%
2012Florida State Seminoles
96.6%
1998Ohio State Buckeyes
96.5%
2002Ohio State Buckeyes
96.5%
2003Ohio State Buckeyes
96.5%
2005Ohio State Buckeyes
96.5%
2006Ohio State Buckeyes
96.5%
2007Ohio State Buckeyes
96.5%
2008Ohio State Buckeyes
96.5%
1999Alabama Crimson Tide
96.3%
2005Alabama Crimson Tide
96.3%
2008Alabama Crimson Tide
96.3%
1998Florida State Seminoles
96.1%
1999Florida State Seminoles
96.1%
2000Florida State Seminoles
96.1%
2002Florida State Seminoles
96.1%
2003Florida State Seminoles
96.1%
2000Oklahoma Sooners
96%
2001Oklahoma Sooners
96%
2002Oklahoma Sooners
96%
2003Oklahoma Sooners
96%
2004Oklahoma Sooners
96%
2006Oklahoma Sooners
96%
2007Oklahoma Sooners
96%
2008Oklahoma Sooners
96%
2013Ohio State Buckeyes
95.9%
2011Michigan Wolverines
95.9%
1999Michigan Wolverines
95.8%
2002Michigan Wolverines
95.8%
2003Michigan Wolverines
95.8%
2004Michigan Wolverines
95.8%
2006Michigan Wolverines
95.8%
2011Oklahoma Sooners
95.2%
2012Oklahoma Sooners
94.9%
2011Oregon Ducks
94.8%
2011LSU Tigers
94.7%
2013Oklahoma Sooners
94.7%
2012Oregon Ducks
94.6%
2012LSU Tigers
94.1%
2013Oregon Ducks
94.1%
2000Miami (Fla.) Hurricanes
93.7%
2001Miami (Fla.) Hurricanes
93.7%
2002Miami (Fla.) Hurricanes
93.7%
2003Miami (Fla.) Hurricanes
93.7%
2004Miami (Fla.) Hurricanes
93.7%
2005Miami (Fla.) Hurricanes
93.7%
2001LSU Tigers
93.7%
2003LSU Tigers
93.7%
2004LSU Tigers
93.7%
2005LSU Tigers
93.7%
2006LSU Tigers
93.7%
2007LSU Tigers
93.7%
2000Oregon Ducks
93.2%
Year Team % Correct
2001Oregon Ducks
93.2%
2005Oregon Ducks
93.2%
2013Michigan State Spartans
93.2%
2013Auburn Tigers
93%
2012Georgia Bulldogs
92.1%
2002Georgia Bulldogs
91.7%
2003Georgia Bulldogs
91.7%
2004Georgia Bulldogs
91.7%
2005Georgia Bulldogs
91.7%
2007Georgia Bulldogs
91.7%
2008Georgia Bulldogs
91.7%
1999Michigan State Spartans
89.9%
2012Notre Dame Fighting Irish
89.7%
1998Tennessee Volunteers
88.8%
1999Tennessee Volunteers
88.8%
2001Tennessee Volunteers
88.8%
2003Tennessee Volunteers
88.8%
2004Tennessee Volunteers
88.8%
2011Oklahoma State Cowboys
88.7%
2013Oklahoma State Cowboys
87.6%
2004Boise State Broncos
87.6%
2006Boise State Broncos
87.6%
2008Boise State Broncos
87.6%
2012Texas A&M Aggies
87.3%
1998Virginia Cavaliers
87.1%
1998Nebraska Cornhuskers
87.1%
1999Nebraska Cornhuskers
87.1%
2000Nebraska Cornhuskers
87.1%
2001Nebraska Cornhuskers
87.1%
1999Penn State Nittany Lions
87.1%
2002Penn State Nittany Lions
87.1%
2005Penn State Nittany Lions
87.1%
2008Penn State Nittany Lions
87.1%
1998UCLA Bruins
86.5%
2000Washington Huskies
86.3%
2001Washington Huskies
86.3%
2008Oklahoma State Cowboys
85.9%
2005Texas Tech Red Raiders
85.8%
2008Texas Tech Red Raiders
85.8%
2011Wisconsin Badgers
85.8%
2011Boise State Broncos
84.9%
2000Notre Dame Fighting Irish
84.8%
2002Notre Dame Fighting Irish
84.8%
2005Notre Dame Fighting Irish
84.8%
2006Notre Dame Fighting Irish
84.8%
2007Kansas Jayhawks
84.7%
1999Virginia Tech Hokies
84.3%
2000Virginia Tech Hokies
84.3%
2004Virginia Tech Hokies
84.3%
2005Virginia Tech Hokies
84.3%
2006Virginia Tech Hokies
84.3%
2007Virginia Tech Hokies
84.3%
2004Auburn Tigers
84.2%
2005Auburn Tigers
84.2%
2006Auburn Tigers
84.2%
2012Oregon State Beavers
83.3%
2011Virginia Tech Hokies
83%
2000Oregon State Beavers
82.9%
2012South Carolina Gamecocks
82.6%
2011Stanford Cardinal
82.6%
2002Iowa Hawkeyes
82.5%
2003Iowa Hawkeyes
82.5%
2004Iowa Hawkeyes
82.5%
2011South Carolina Gamecocks
82.5%
1998Wisconsin Badgers
82.4%
1999Wisconsin Badgers
82.4%
2006Wisconsin Badgers
82.4%
2012Stanford Cardinal
82.1%
2013Stanford Cardinal
81.7%
2013South Carolina Gamecocks
81.7%
1998Arizona Wildcats
81.6%
2013Clemson Tigers
81.6%
2012Kansas State Wildcats
81.1%
2011Kansas State Wildcats
81%
1998Texas A&M Aggies
80.9%
1999Texas A&M Aggies
80.9%
2013Arizona State Sun Devils
80.6%
2012Clemson Tigers
79.9%
2011Arkansas Razorbacks
79.3%
2011Clemson Tigers
78.9%
Year Team % Correct
2004California Golden Bears
78.3%
2004Utah Utes
78.1%
2008Utah Utes
78.1%
2007Arizona State Sun Devils
78.1%
2001South Carolina Gamecocks
77.9%
1998Georgia Tech Yellow Jackets
77.7%
2000Georgia Tech Yellow Jackets
77.7%
2008Georgia Tech Yellow Jackets
77.7%
2000TCU Horned Frogs
77.5%
2005TCU Horned Frogs
77.4%
2008TCU Horned Frogs
77.4%
1998Kansas State Wildcats
76.7%
1999Kansas State Wildcats
76.7%
2000Kansas State Wildcats
76.7%
2002Kansas State Wildcats
76.7%
2003Kansas State Wildcats
76.7%
1998Arkansas Razorbacks
76.5%
2006Arkansas Razorbacks
76.5%
2013Missouri Tigers
75.9%
2001Washington State Cougars
75.1%
2002Washington State Cougars
75.1%
2001Illinois Fighting Illini
75%
2007Illinois Fighting Illini
75%
2001Colorado Buffaloes
74.7%
2002Colorado Buffaloes
74.7%
2002West Virginia Mountaineers
74.7%
2005West Virginia Mountaineers
74.7%
2006West Virginia Mountaineers
74.7%
2007West Virginia Mountaineers
74.7%
2001Stanford Cardinal
74%
2013Baylor Bears
73.9%
2007Missouri Tigers
73.8%
2009Florida Gators
70.9%
2009Alabama Crimson Tide
70.5%
2009Texas Longhorns
70.4%
2009Ohio State Buckeyes
69.5%
2011Baylor Bears
69.1%
2000Clemson Tigers
68.8%
2007Clemson Tigers
68.8%
2009Oregon Ducks
68%
2009LSU Tigers
67.8%
1999Minnesota Golden Gophers
67.6%
2009Miami (Fla.) Hurricanes
67.2%
2007Boston College Eagles
66.2%
2009Boise State Broncos
63.2%
2009Penn State Nittany Lions
62.4%
1998Syracuse Orange
62.3%
2001Maryland Terrapins
62.2%
2009Virginia Tech Hokies
60.5%
2003Purdue Boilermakers
60.5%
2009Iowa Hawkeyes
59.5%
2003Miami (Ohio) RedHawks
59.4%
2009TCU Horned Frogs
59.2%
2004Louisville Cardinals
58.9%
2006Louisville Cardinals
58.9%
2007Hawaii Warriors
56.9%
2009Georgia Tech Yellow Jackets
56.8%
2008Cincinnati Bearcats
53.7%
2010Ohio State Buckeyes
49.6%
2010Oklahoma Sooners
49.2%
2010Oregon Ducks
49%
2010LSU Tigers
48.8%
2010Auburn Tigers
47.8%
2010Michigan State Spartans
47.6%
2006Wake Forest Demon Deacons
46.1%
2010Oklahoma State Cowboys
45.6%
2013UCF Knights
45.1%
2010Wisconsin Badgers
44.4%
2010Boise State Broncos
44.2%
2009BYU Cougars
43.7%
2010Virginia Tech Hokies
43%
2010Stanford Cardinal
42.5%
2010TCU Horned Frogs
41.6%
2010Arkansas Razorbacks
41%
2012Northern Illinois Huskies
40.3%
2009Cincinnati Bearcats
39.5%
2010Missouri Tigers
38.8%
1999Marshall Thundering Herd
33%
1998Tulane Green Wave
31.4%
2010Nevada Wolf Pack
23.1%

You're not logged in!

Compare scores with friends on all Sporcle quizzes.
OR
Log In

Sporcle TV

Today on Sporcle TV


Watch our educational content, quiz creation guides, and fun videos on Sporcle TV.

Show Comments

Extras

Top Quizzes Today


Score Distribution

Your Account Isn't Verified!

In order to create a playlist on Sporcle, you need to verify the email address you used during registration. Go to your Sporcle Settings to finish the process.

Report this User

Report this user for behavior that violates our Community Guidelines.

Details: